00461nam a2200157Ia 4500008004100000020001800041082001400059100001800073245006300091250000800154260004200162300003100204500001900235600003300254650001600287240925s9999 xx 000 0 und d a9789332519053 a519.5 MIL aMiller, Irwin 0aJohn E. Freund's Mathematical Statistics with Applications a8th aNew Delhi:bPearson Educationc,2014. axxxvii, 602p.b0fOriginal aIncludes Index aHumanities & Natural Science aMathematics